| 000 | 00699 a2200217 4500 | ||
|---|---|---|---|
| 020 | _a0312398026 | ||
| 035 | _a(DLC) 2002107341 | ||
| 040 |
_aDLC _bDLC |
||
| 082 | 0 | 0 | _a808/.042 |
| 100 | 1 | _aKirszner, Laurie G. | |
| 245 | 1 | 0 |
_aWriting first: practice in context : with readings _bpractice in context : with readings _cLaurie G. Kirszner, Stephen R. Mandell. |
| 250 | _a2nd ed. | ||
| 260 |
_aNew York : _bBedford/St. Martin's, _cc2003. |
||
| 300 |
_axxx, 668 p. : _bcol. ill. ; _c28 cm. |
||
| 500 | _aIncludes index. | ||
| 650 | 0 |
_aEnglish language _xRhetoric |
|
| 650 | 0 |
_aEnglish language _xGrammar |
|
| 650 | 0 | _aReport writing | |
| 700 | 1 | _aMandell, Stephen R. | |
| 942 |
_cBK _k808.042 KIR _2ddc |
||
| 999 |
_c4750 _d4750 |
||